Регионална библиотека "Любен Каравелов" - Русе

Тестове по български език и литература за V клас (Запис номер 114162)

MARC детайли
000 -Лидер
Контролно поле с фиксирана дължина 02675nam a2200469 c 4500
003 - Код на организацията, давaща контролен номер
Контролно поле BLK
005 - Дата и час на последна редакция
Контролно поле 20230215143350.0
008 - Елементи от данни с фиксирана дължина
fixed length control field 180409b bul|||||r ||||||| ||bul||
010 ## - Наследен системен номер
LC control number KNG00119593000
020 ## - Международен стандартен номер на книга ISBN
Международен стандартен номер на книга ISBN 978-954-771-182-2
-- издат.: Кръгозор
040 ## - Източник на каталожния запис
Идентификатор на билиотеката - собственик на записа BLK
041 ## - Код за език
Код за езика на текст/звукозапис или на отделно заглавие Български
Код за езика КДБФ Български
072 #7 - Код за тематичната категория
Код организация bullib
Код за тематична категория Н37
Текст Образование. Педагогика Н
080 ## - УДК
Текстов определител УДК Български език в основното училище. Методика на обучението
УДК код - определител по УДК 373.3.016:811.163.2
УДК определител (079)(075.2)
УДК - код + определител 373.3.016:811.163.2(079)(075.2)
080 ## - УДК
Текстов определител УДК Литература в основното училище. Методика на обучението
УДК код - определител по УДК 373.3.016:821
УДК определител (079)(075.2)
УДК - код + определител 373.3.016:821(079)(075.2)
100 1# - Редна дума - Автор
Автор Христова-Плашилска, Маргарита Георгиева
Авторска отговорност първи автор
R(LIN) 376128
139 ## - Редно поле
Редна дума Георгиева, Маргарита и др.
Авторски знак Георгиев - Г 37
245 10 - Сведения за заглавието
Заглавие Тестове по български език и литература за V клас
Подзаглавни данни Нац. проверка V кл.
Редно поле (дума) Маргарита Георгиева Христова-Плашилска; * Румяна Йовева Никова; съавт. Веска Василева Габровска; съавт. Румяна Йовева; * Маргарита Георгиева.
257 ## - Страна на издаване
Страна на създаване/издаване България
260 ## - Област на издателските данни
-- София
Име на издателя, разпространителя и проч. Кръгозор
Година на издаване 2008
300 ## - Физическа характеристика
Страници 144 с.
Размери/Мащаб 21 см
380 ## - Жанр
Жанр Обществени науки
490 1# - СЕРИИ (Колекции)
Име на серия Пишете за отличен
500 ## - Общи забележки
Забележка Пълното име на първата авт. е Маргарита Георгиева Христова-Плашилска, а на втората - Румяна Йовева Никова.
650 #4 - Допълнително описание по предмет – тема
Основно описание – тема или топоним Български език - тестове - учебни помагала
9 (RLIN) 244102
650 #4 - Допълнително описание по предмет – тема
Основно описание – тема или топоним Литература - тестове - учебни помагала
9 (RLIN) 278622
653 ## - Ключова дума – ненормативна
Ключова дума литература
653 ## - Ключова дума – ненормативна
Ключова дума български език
653 ## - Ключова дума – ненормативна
Ключова дума тестове
653 ## - Ключова дума – ненормативна
Ключова дума V кл.
653 ## - Ключова дума – ненормативна
Ключова дума учебници за основни училища
659 ## - Тематичен бюлетин
Тематичен бюлетин Н
700 1# - Други автори (авторска отговорност)
Лично име Никова, Румяна Йовева
Автороска отговорност (Описва отношението между автора и произведението) *
9 (RLIN) 374950
700 1# - Други автори (авторска отговорност)
Лично име Габровска, Веска Василева
Автороска отговорност (Описва отношението между автора и произведението) съавт.
9 (RLIN) 376127
700 1# - Други автори (авторска отговорност)
Лично име Йовева, Румяна
Автороска отговорност (Описва отношението между автора и произведението) съавт.
Друга информация Никова, Румяна Йовева
9 (RLIN) 366492
700 1# - Други автори (авторска отговорност)
Лично име Георгиева, Маргарита
Автороска отговорност (Описва отношението между автора и произведението) *
Друга информация Христова-Плашилска, Маргарита Георгиева
9 (RLIN) 369188
852 ## - Местоположение
Форматна сигнатура Цб 248560
856 4# - Електронен адрес и достъп
Електронен формат pdf - файл
Път до файла /url/
856 4# - Електронен адрес и достъп
Електронен формат pdf - файл
Път до файла /url/
942 ## - АРТИКУЛИ
Вид на библиотечния материал Книги
Скрит в OPAC Не
Koha issues (borrowed), all copies 4
944 ## - СЪЗДАВАНЕ И РЕДАКЦИЯ на ЗАПИСА
Създаване/Редакция Създаване
Дата на регистрацията/редакция 09.09.2010
Статус, дата на статуса ф / 31.08.2010
Служител, извършил регистрацията/редакцията Людмила_Стоянова
944 ## - СЪЗДАВАНЕ И РЕДАКЦИЯ на ЗАПИСА
Създаване/Редакция Редакция
Дата на регистрацията/редакция 24.01.2012
Статус, дата на статуса ф / 31.08.2010
Служител, извършил регистрацията/редакцията
999 ## - СИСТЕМНИ КОНТРОЛНИ НОМЕРА
Koha biblionumber 114162
Koha biblioitemnumber 114162
Наличности
Код за отписване Код за изгубен артикул Код за повреда Коз за рестрикции Код за отдаване Артикулен № Име на библиотеката - собственик Име на библиотеката, в която се намира в момента Статус (Текущо местоположение) Дата на вписване в системата Местоположение - отдел Цена в лева Инвентарен номер Систематично азбучна сигнатура Баркод Номер на екземпляра Цена в евро Служебна бележка Служебен тип на артикула Източник на класификационната схема
  Не е изгубен Не е повреден без рестрикции ползва се в читалня 182620 Регионална библиотека "Любен Каравелов" Русе Регионална библиотека "Любен Каравелов" Русе Хранилище 2010-09-01 Хранилище 5.00 120000745306 Цб 248560 120000745306 1 2.56 Дост: Dp Вид: Д N: 49 Дата: 25.11.2009 Книги  
  Не е изгубен Не е повреден без рестрикции заемане за дома 182621 Регионална библиотека "Любен Каравелов" Русе Регионална библиотека "Любен Каравелов" Русе Детски отдел 2011-12-19 Детски отдел 5.00 120000756020 ДН 373.3.016:821/Г 37 120000756020 2 2.56 Дост: Pk Вид: Ф N: 291 Дата: 15.12.2011 Дата инв: 24.08.2015 Бележки инв: Д2015 Книги Universal Decimal Classification
  Не е изгубен Не е повреден без рестрикции заемане за дома 182622 Регионална библиотека "Любен Каравелов" Русе Регионална библиотека "Любен Каравелов" Русе Детски отдел 2011-12-19 Детски отдел 5.00 120000756021 ДН 373.3.016:821/Г 37 120000756021 3 2.56 Дост: Pk Вид: Ф N: 291 Дата: 15.12.2011 Дата инв: 24.08.2015 Бележки инв: Д2015 Книги Universal Decimal Classification
Vip Innovations Ltd, Rousse, Bulgaria 2025